Quizzes
Events
Quiz Creation
Community
Videos
Private Events
Remove Ads
Sign In
Join for FREE
Feedback
Dark Mode
Quiz Categories
Sports
Geography
Music
Movies
Television
Just For Fun
Miscellaneous
History
Literature
Language
Science
Gaming
Entertainment
Religion
Holiday
For Kids
Quiz Lab
Recent
Popular Today
Quiz Kudos Today
Editor Picks
Curator Picks
Quizzes by...
Day
Popularity
Type
Ratings
Length
Year
Community
Subscriptions
Recent Discussions
Orange Saloon
Badges
Playlists
Quests
Create
Leaderboards
Showdown
Live 5
Trivia Bingo
Activity
Puzzle Library
Sporcle Events
Private Events
Virtual Trivia
Globe League
Become a Host
Pub Owners
SporcleCon
Opinionation
Our Games
Videos
Blog
Mobile Apps
Partnerships
Remove Ads and Go Orange
Feedback
Gaming
Video Games
Board Games
Card Games
Pokémon
Mario
Nintendo
Minecraft
Console
Toys
Legend of Zelda
Gaming
Video Games
Board Games
Card Games
Pokémon
Mario
Nintendo
Minecraft
Console
Toys
Legend of Zelda
Random Quiz
Search Sporcle
×
Quiz Lab
Quiz Lab
Gaming
Here
Type in answers that appear in a list
Type in answers that appear in a list
Classic
Best Score? Go Orange.
Hearthstone Ultimate Quiz Stats
Can you name all the cards and heroes?
By
dstmod1
10m
50 Questions
220 Plays
220 Plays
220 Plays
Comments
Comments
Give Quiz Kudos
Give Quiz Kudos
-
- Ratings
hide this ad
More Info
Wrong Answers
Some wrong answers will appear in red
Some wrong answers will appear in red
Random Order
Randomize order of answers
Randomize order of answers
Replay
Link that replays current quiz
Next Quiz
Link to next quiz in quiz playlist
You Got
0%
They Got
Avg Score
29%
Avg Friend Score
Upgrade to see
Score Distribution
Jump to the score distribution portion of the page
Score
0/50
Timer
10:00
0
Plays Today
Question
Answer
% Correct
Everyone,GET IN HERE!
???
72.7%
He likes pain.A LOT. 3 mana
???
67.7%
A 3 mana 4/
7 that becomes a 4/
3
???
61.8%
Spawns a minion that is 'ready to learn'
???
57.7%
A 4 mana 4/
8 if you have 7 cards
???
55.5%
7 mana 7/
5 Stealth
???
51.4%
2 mana 3/
2 that changes a minion
???
51.4%
1/
1 or 5/
5?
???
49.5%
Warm yer frozen boots by the fire!
???
45.9%
Let none survive!
???
45%
Destroy a minion and gain 3 health
???
43.6%
3 mana 3/
1 basic card
???
43.6%
Feed you to Master!
???
41.8%
I AM A TURTLE!!
???
40.5%
Magic detected
???
39.5%
Haha!! Gains Charge
???
38.2%
Gandalf imitation
???
38.2%
X marks the spot!
???
37.3%
4 mana 2/
5 mage card
???
35%
One shot, one kill (Hero)
???
33.6%
STOP DISTRACTING ME!
???
31.4%
A paltry task
???
31.4%
OK. I. WILL
???
29.1%
Come forth coward!
???
28.6%
None shall pass
???
27.7%
Question
Answer
% Correct
I wield the power of Blackwing
???
25.5%
Who wants presents?
???
25.5%
Death from the Shadows!
???
25%
Let me see if this works
???
24.5%
Suffer my wrath!
???
22.7%
Sustenance...
???
21.4%
I ain't got all day
???
20.9%
I hope you can swim...IN MOLTEN LAVA
???
20.5%
Ragnaros' version of Molten Giant (Brawl)
???
20%
Obey!
???
19.1%
Oh, goody!
???
19.1%
I won't let you down!
???
18.2%
Yeessss... when effect occurs
???
17.7%
EXPLOSIONS!
???
14.1%
Help me! Lifebinder! Help
???
11.8%
We shall grind your bones to dust!
???
9.5%
Acquiring target
???
8.6%
Opening line: Meat
???
6.8%
Mustn't faiill again!
???
5.9%
Another soul for the collection
???
4.5%
I will return!
???
4.1%
Bask in the glory of the...
???
3.6%
I am undone!
???
3.6%
Closer now, tasty morsels!!
???
1.4%
I don't like it but it's happening anyways
???
0%
Quiz Playlist
Details
Report
Send in Message
Add To Playlist
More Info:
Think you know Hearthstone? Think again. Try to solve this quiz in under 10 minutes! 50 characters, can you name them all?
Classic:
Type in answers that appear in a list
Wrong Answers:
Some wrong answers will appear in red
Random Order:
Randomize order of answers
Last Updated: Feb 16, 2017
Quiz Scoreboard
CHALLENGE
Sign Up to Join the Scoreboard
Show All
Scores
Hide
Comments
May contain spoilers
Recently Published
Movies - When Are They Set?
by FPL_Elf
Movies
5m
Popular People in 1961
by mucciniale
History
6m
1-10 Letter E Words III
by El_Dandy
Language
2m
More to Explore
Quiz From the Vault
Featured Blog Post
Where Did the Easter Bunny Come From?
hide this ad
You Might Also Like...
Tags
hearthstone
Here
ultimate
Today's Top Quizzes in Gaming
Browse Gaming
hide this ad
Today's Top Quizzes in Here
Browse Here
Top Contributed Quizzes in Gaming
1
Destiny 2 exotic weapons by perk icons
2
Ultimate Genshin Impact Logic Puzzle (up to 4.3)
3
Genshin Impact Logic Puzzle Quiz
4
Who's on the WWE 2K24 Cover?
5
Windmill: Pokémon
6
Franchise by Action Figure
7
Legendary or Exotic?
8
Overwatch 2: Ultimate Ability Icons
9
Overwatch 2 Heroes by Selection Quote
10
Genshin murder mystery
Explore More
Trending Topics
NBA
Marvel
Disney
Harry Potter
Crossword
Kpop
Anime
WWE
Pokémon
Country
The Office
Song
Puzzle
Soccer
NFL
hide this ad
More By:
dstmod1
Quiz
Plays
Rating
Category
Featured
Created
RWBY Songs!
2,139
3.50
Entertainment
Jun 8, 2016
RWBY Trivia 5
2,068
1.63
Entertainment
Dec 25, 2016
RWBY Trivia
1,727
2.14
Television
May 7, 2016
Name the RWBY character from the quote!
847
2.50
Entertainment
May 24, 2016
RWBY Characters!
805
4.50
Entertainment
May 17, 2016
Go to Creator's Profile
Score Distribution
Quiz Creator Spotlight
dstmod1
Follow
Send a Message
Quizzes Created
-
Created Quiz Play Count
-
More By This Creator
Popular Quizzes Today
1
Find the Countries of Europe - No Outlines Minefield
2
Find the US States - No Outlines Minefield
3
The Countries of the World
4
Popular People in 1961
5
US States
6
1-10 Letter E Words III
7
Find the US States
8
One Thing in Common: World Cities II
More Gaming Quizzes
Pokémon by Tail (Gen. I)
Published
Trending Quizzes
Risky Map Clicking: Least Populous States A-Z
1-10 Letter F Words
Humor Books: The Subtitles
1-10 Letter G Words
One Thing in Common: United Kingdom
Recently Updated
Leaping Animals
pecheneg
Reality TV Shows (A-Z)
bhenderson79
Rickey Henderson's Hall of Fame Teammates
pecheneg
Champions League XIs: Arsenal
pecheneg
Quick Pick: Celebrities in WWE's Hall of Fame
aduchscher
A-Z Keypad Blitz II
pecheneg
Multiple Oscar Actors
pecheneg
Mystery Phrase Blitz: Oscar 'Best Actors'
pecheneg
F. Scott Fitzgerald Novels
LTH
Pick 3 Villains
ddd62291
Trending Topics
Disney
Crossword
Marvel
Anime
NBA
Kpop
Harry Potter
Pokémon
The Office
Soccer
Puzzle
WWE
NFL
Song
Country
Your Account Isn't Verified!
In order to create a playlist on Sporcle, you need to verify the email address you used during registration. Go to your
Sporcle Settings
to finish the process.
Report this User
Report this user for behavior that violates our
Community Guidelines
.
Details:
Send Report
Go to the Sporcle.com Mobile Site →
Comments